00359 2200157 4500001002100000005001500021035002000036245003900056100001300095300001100108260002600119082000800145084001400153020002200167990001200189INLIS00000000000168920250429020247 a0010-04250001051 aOlahraga Air :bDiving /cMimin Us0 aMimin Us a54 hlm aJakarta :bAnak Saleh a700 a700 MIM o a978-602-8250-34-4 a0754654